| 000 | 00428nam a22001697a 4500 | ||
|---|---|---|---|
| 005 | 20180725104233.0 | ||
| 008 | 160622b xxu||||| |||| 00| 0 eng d | ||
| 020 | _a81-85614-46-6 | ||
| 041 | _aeng | ||
| 082 |
_b9254 _a658.3 |
||
| 100 |
_aMullins, Laurie J _94603 |
||
| 245 | _aManagement and Organisational Behaviour | ||
| 260 |
_bWheeler publishing _aallahabad |
||
| 300 | _a536, | ||
| 650 |
_aManagement _9241 |
||
| 942 | _cBK | ||
| 999 |
_c3590 _d3589 |
||